000 00408nam a2200157Ia 4500
008 151213s9999 xx 000 0 und d
020 _a0-631-17275-0
100 _aMichal Rayan
245 _aLiterary Theory, A Practical Introduction
_cMichal Rayan
260 _aU.K.
_bBlackwell
_c1999
300 _a4810 p.
650 _aEnglish
650 _aEnglish Literature
700 _aMichal Rayan
999 _c3032
_d3032